Statistics for Municipis de la comarca del Tarragonès (Catalunya)

Click here to take the quiz!

General Stats

  • This quiz has been taken 88 times
  • The average score is 13 of 22

Answer Stats

HintAnswer% Correct
TTarragona
100%
SSalou
92%
TTorredembarra
79%
VVila-seca
79%
AAltafulla
76%
CConstantí
71%
MEl Morell
61%
CEl Catllar
58%
PLa Pobla de Mafumet
58%
NLa Nou de Gaià
55%
RRoda de Berà
55%
PEls Pallaresos
53%
SSalomò
50%
CLa Canonja
47%
CCreixell
45%
SLa Secuita
45%
PPerafort
45%
PLa Pobla de Montornès
42%
VVilallonga del Camp
39%
RLa Riera de Gaià
37%
RRenau
34%
VVespella de Gaià
34%

Score Distribution

Percentile by Number Answered

Percent of People with Each Score

Your Score History

You have not taken this quiz